Bay Quiz - Statistics

General Stats
  • This quiz has been taken 10 times
  • The average score is 3 of 15
Answer Stats
Area in sq km Answer % Correct
2.172 million Bay of Bengal
100%
223000 Bay of Biscay
78%
1.23 million Hudson Bay
56%
16000 Bay of Fundy
11%
11601 Chesapeake Bay
11%
78000 Bohai Sea
0%
36800 Bothnian Bay
0%
650 Buzzards Bay
0%
1600 Galveston Bay
0%
15000 Georgian BaY
0%
45926 Great Australian Bight
0%
1994 Manila Bay
0%
1930 Port Phillip
0%
1500 Tokyo Bay
0%
680 Western Port
0%
No matching quizzes found
Score Distribution
Percent of People with Each Score
Percentile by Number Answered
Your Score History
You have not taken this quiz